[Event "IECC Swiss-578.4"]
[Site "IECC email"]
[Date "2018.02.01"]
[Round "?"]
[White "Phillips, Dave"]
[Black "D'Aragona, Vittoria"]
[Result "0-1"]
[WhiteElo "1100"]
[BlackElo "1300"]
[PlyCount "42"]
[EventDate "2018.??.??"]
[EventType "swiss (corr)"]
[EventRounds "1"]
[SourceTitle "Corr 2020"]
[Source "ChessBase"]
[SourceDate "2019.09.30"]
[SourceVersion "1"]
[SourceVersionDate "2019.09.30"]
[SourceQuality "1"]
[WhiteTeam "England"]
[BlackTeam "Italy"]
[WhiteTeamCountry "ENG"]
[BlackTeamCountry "ITA"]

1. d4 Nf6 2. c4 c5 3. d5 b5 4. cxb5 a6 5. bxa6 Bxa6 6. Nc3 d6 7. Nf3 g6 8. e4 Bxf1 9. Rxf1 Bg7 10. Qc2 0-0 11. Bd2 Na6 12. Ne2 Nb4 13. Bxb4 cxb4 14. Ned4 Qb6 15. Ke2 Nxd5 16. Rfd1 Qa6+ 17. Ke1 Nf4 18. a3 Nxg2+ 19. Kd2 Bh6+ 20. Ng5 Bxg5+ 21. f4 Bxf4# 0-1

[Event "IECC Swiss-577.4"]
[Site "IECC email"]
[Date "2017.08.09"]
[Round "?"]
[White "D'Aragona, Vittoria"]
[Black "Mariani, Danilo"]
[Result "1/2-1/2"]
[WhiteElo "1290"]
[BlackElo "1484"]
[PlyCount "96"]
[EventDate "2017.??.??"]
[EventType "swiss (corr)"]
[EventRounds "1"]
[SourceTitle "Corr 2020"]
[Source "ChessBase"]
[SourceDate "2019.09.30"]
[SourceVersion "1"]
[SourceVersionDate "2019.09.30"]
[SourceQuality "1"]
[WhiteTeam "Italy"]
[BlackTeam "Italy"]
[WhiteTeamCountry "ITA"]
[BlackTeamCountry "ITA"]

1. e4 c5 2. c3 Nf6 3. e5 Nd5 4. d4 cxd4 5. Qxd4 e6 6. Nf3 Nc6 7. Qe4 b6 8. Bd3 Bb7 9. 0-0 Qc7 10. Re1 f5 11. Qh4 Be7 12. Qh5+ g6 13. Qh6 0-0-0 14. Na3 a6 15. Nc4 b5 16. Na3 Bf8 17. Qd2 h6 18. Nc2 g5 19. c4 bxc4 20. Bxc4 Ncb4 21. b3 g4 22. Nfd4 h5 23. a3 Nxc2 24. Qxc2 Bc5 25. Qd3 Qb6 26. Bxd5 Bxd5 27. Be3 f4 28. b4 fxe3 29. bxc5 exf2+ 30. Kxf2 Rdf8+ 31. Kg1 Qa5 32. Rec1 Rf4 33. c6 Qb6 34. cxd7+ Kxd7 35. Rd1 Rhf8 36. Rab1 Qa7 37. Rf1 Kd8 38. Rb8+ Qxb8 39. Rxf4 Rxf4 40. Nc6+ Kc7 41. Nxb8 Kxb8 42. Qxa6 h4 43. Qb6+ Kc8 44. Qe3 Rc4 45. Qd3 Rf4 46. Qa6+ Kb8 47. a4 Bc4 48. Qd6+ Kc8 1/2-1/2

[Event "IECC Swiss-576.3"]
[Site "IECC email"]
[Date "2016.11.24"]
[Round "?"]
[White "Geib, Steven"]
[Black "D'Aragona, Vittoria"]
[Result "1-0"]
[WhiteElo "1548"]
[BlackElo "1333"]
[PlyCount "21"]
[EventDate "2016.??.??"]
[EventType "swiss (corr)"]
[EventRounds "1"]
[SourceTitle "Corr 2020"]
[Source "ChessBase"]
[SourceDate "2019.09.30"]
[SourceVersion "1"]
[SourceVersionDate "2019.09.30"]
[SourceQuality "1"]
[WhiteTeam "United States"]
[BlackTeam "Italy"]
[WhiteTeamCountry "USA"]
[BlackTeamCountry "ITA"]

1. e4 d6 2. Nf3 Nf6 3. Nc3 e6 4. Be2 Be7 5. 0-0 0-0 6. d4 Nc6 7. d5 Ne5 8. Bg5 Nxd5 9. Bxe7 Nxf3+ 10. Bxf3 Nxe7 11. Re1 1-0

[Event "IECC KO-2131"]
[Site "IECC email"]
[Date "2016.11.22"]
[Round "?"]
[White "Domingues, Marcos"]
[Black "D'Aragona, Vittoria"]
[Result "1-0"]
[WhiteElo "1583"]
[BlackElo "1387"]
[PlyCount "21"]
[EventDate "2016.??.??"]
[EventType "match (corr)"]
[EventRounds "2"]
[SourceTitle "Corr 2020"]
[Source "ChessBase"]
[SourceDate "2019.09.30"]
[SourceVersion "1"]
[SourceVersionDate "2019.09.30"]
[SourceQuality "1"]
[WhiteTeam "Brazil"]
[BlackTeam "Italy"]
[WhiteTeamCountry "BRA"]
[BlackTeamCountry "ITA"]

1. c4 e5 2. g3 d6 3. Bg2 f5 4. d4 Be7 5. dxe5 dxe5 6. Qxd8+ Bxd8 7. b3 Nf6 8. Bb2 e4 9. Nh3 0-0 10. Na3 Nc6 11. Nc2 1-0

[Event "IECC O-4373"]
[Site "IECC email"]
[Date "2016.08.19"]
[Round "?"]
[White "Bolash, John"]
[Black "D'Aragona, Vittoria"]
[Result "1-0"]
[WhiteElo "1418"]
[BlackElo "1419"]
[PlyCount "43"]
[EventDate "2016.??.??"]
[EventType "swiss (corr)"]
[EventRounds "2"]
[SourceTitle "Corr 2020"]
[Source "ChessBase"]
[SourceDate "2019.09.30"]
[SourceVersion "1"]
[SourceVersionDate "2019.09.30"]
[SourceQuality "1"]
[WhiteTeam "United States"]
[BlackTeam "Italy"]
[WhiteTeamCountry "USA"]
[BlackTeamCountry "ITA"]

1. Nf3 d6 2. d4 Bg4 3. e3 Nf6 4. c4 Nc6 5. Nc3 e5 6. d5 Nb8 7. e4 Be7 8. Be3 Bd7 9. h3 0-0 10. g4 a5 11. Nh2 a4 12. g5 Ne8 13. Qh5 a3 14. b3 f5 15. exf5 Bxf5 16. 0-0-0 c6 17. Bd3 Qa5 18. Kc2 Bxd3+ 19. Kxd3 b5 20. Kc2 bxc4 21. bxc4 Na6 22. Qg4 1-0

[Event "IECC TH-M-3064"]
[Site "IECC email"]
[Date "2016.07.17"]
[Round "?"]
[White "Schwenger, Kurt"]
[Black "D'Aragona, Vittoria"]
[Result "1/2-1/2"]
[WhiteElo "1533"]
[BlackElo "1472"]
[PlyCount "33"]
[EventDate "2016.??.??"]
[EventType "tourn (corr)"]
[SourceTitle "Corr 2020"]
[Source "ChessBase"]
[SourceDate "2019.09.30"]
[SourceVersion "1"]
[SourceVersionDate "2019.09.30"]
[SourceQuality "1"]
[WhiteTeam "Germany"]
[BlackTeam "Italy"]
[WhiteTeamCountry "GER"]
[BlackTeamCountry "ITA"]

1. e4 c5 2. Nf3 d6 3. d4 cxd4 4. Nxd4 Nf6 5. Nc3 a6 6. Bg5 e5 7. Nf5 Bxf5 8. exf5 Be7 9. Bc4 0-0 10. Bxf6 Bxf6 11. Ne4 Be7 12. Qg4 Nd7 13. 0-0-0 Qc7 14. Rxd6 Bxd6 15. f6 g6 16. Qg5 Rfc8 17. Bd3 1/2-1/2

[Event "IECC M1-2016.T004"]
[Site "IECC email"]
[Date "2016.02.04"]
[Round "?"]
[White "D'Aragona, Vittoria"]
[Black "Steveson, Brian"]
[Result "1-0"]
[WhiteElo "1516"]
[BlackElo "1219"]
[PlyCount "41"]
[EventDate "2016.??.??"]
[EventType "match (corr)"]
[EventRounds "2"]
[SourceTitle "Corr 2020"]
[Source "ChessBase"]
[SourceDate "2019.09.30"]
[SourceVersion "1"]
[SourceVersionDate "2019.09.30"]
[SourceQuality "1"]
[WhiteTeam "Italy"]
[BlackTeam "Australia"]
[WhiteTeamCountry "ITA"]
[BlackTeamCountry "AUS"]

1. e4 e5 2. Nf3 Nc6 3. d4 exd4 4. Bc4 Nf6 5. 0-0 Nxe4 6. Re1 d5 7. Bxd5 Qxd5 8. Nc3 Qa5 9. Nxe4 Be6 10. Bd2 Qb5 11. Bg5 h6 12. Bh4 Bc5 13. c4 Qa5 14. a3 Be7 15. b4 Qb6 16. b5 Bxh4 17. bxc6 Be7 18. Nxd4 0-0-0 19. cxb7+ Qxb7 20. Rb1 Qa6 21. c5 1-0

[Event "IECC O-4119"]
[Site "IECC email"]
[Date "2015.11.15"]
[Round "?"]
[White "Pohoryles, Ronald"]
[Black "D'Aragona, Vittoria"]
[Result "1/2-1/2"]
[WhiteElo "1532"]
[BlackElo "1431"]
[PlyCount "63"]
[EventDate "2015.??.??"]
[EventType "swiss (corr)"]
[EventRounds "2"]
[SourceTitle "Corr 2020"]
[Source "ChessBase"]
[SourceDate "2019.09.30"]
[SourceVersion "1"]
[SourceVersionDate "2019.09.30"]
[SourceQuality "1"]
[WhiteTeam "Austria"]
[BlackTeam "Italy"]
[WhiteTeamCountry "AUT"]
[BlackTeamCountry "ITA"]

1. e4 e5 2. f4 exf4 3. Nf3 g5 4. h4 g4 5. Ne5 h5 6. Bc4 Nh6 7. d4 d6 8. Nd3 f3 9. gxf3 Be7 10. Be3 Bxh4+ 11. Kd2 g3 12. Qg1 d5 13. Bxd5 c6 14. Bb3 a5 15. a4 Na6 16. Nc3 Nb4 17. Nf4 Ng8 18. Nce2 c5 19. d5 Nc6 20. Nxg3 Ne5 21. Ke2 Nxf3 22. Kxf3 Bg4+ 23. Kf2 Bxg3+ 24. Kxg3 Nf6 25. e5 Ne4+ 26. Kg2 Qe7 27. Nd3 Be2 28. d6 Rg8+ 29. Kh3 Bg4+ 30. Kg2 Be2+ 31. Kh3 Bg4+ 32. Kg2 1/2-1/2

[Event "IECC O-4055"]
[Site "IECC email"]
[Date "2015.09.22"]
[Round "?"]
[White "Del Monte, Juan Carlos"]
[Black "D'Aragona, Vittoria"]
[Result "0-1"]
[WhiteElo "1211"]
[BlackElo "1382"]
[PlyCount "86"]
[EventDate "2015.??.??"]
[EventType "swiss (corr)"]
[EventRounds "2"]
[SourceTitle "Corr 2020"]
[Source "ChessBase"]
[SourceDate "2019.09.30"]
[SourceVersion "1"]
[SourceVersionDate "2019.09.30"]
[SourceQuality "1"]
[WhiteTeam "Mexico"]
[BlackTeam "Italy"]
[WhiteTeamCountry "MEX"]
[BlackTeamCountry "ITA"]

1. Nf3 d6 2. d4 Bg4 3. Qd3 Qd7 4. e4 Nc6 5. d5 Ne5 6. Nxe5 dxe5 7. Qg3 Nf6 8. f3 Bh5 9. Qxe5 e6 10. dxe6 fxe6 11. Bc4 Bf7 12. 0-0 Bd6 13. Qc3 0-0 14. Be3 b5 15. Be2 b4 16. Qd3 Qe7 17. Nd2 Rad8 18. Qb5 c5 19. Qa6 Qc7 20. f4 e5 21. f5 c4 22. Nxc4 Bc5 23. Bd3 Ng4 24. Bxc5 Qxc5+ 25. Kh1 Rfe8 26. Qa5 Qd4 27. Qxb4 Ne3 28. b3 Bxc4 29. bxc4 Nxf1 30. Rxf1 h6 31. Qe1 Rf8 32. g4 Rd7 33. h4 Rb8 34. g5 Rb6 35. Qg3 Rf7 36. Qg4 Qc5 37. f6 hxg5 38. fxg7 Rxf1+ 39. Bxf1 gxh4 40. Kg2 h3+ 41. Qxh3 Rg6+ 42. Kf3 Rf6+ 43. Kg2 Qf2+ 0-1

[Event "IECC CL6-2015.06 email"]
[Site "IECC email"]
[Date "2015.09.19"]
[Round "?"]
[White "D'Aragona, Vittoria"]
[Black "Cook, Phil"]
[Result "0-1"]
[WhiteElo "1481"]
[BlackElo "1470"]
[PlyCount "100"]
[EventDate "2015.??.??"]
[EventType "tourn (corr)"]
[EventRounds "4"]
[SourceTitle "Corr 2020"]
[Source "ChessBase"]
[SourceDate "2019.09.30"]
[SourceVersion "1"]
[SourceVersionDate "2019.09.30"]
[SourceQuality "1"]
[WhiteTeam "Italy"]
[BlackTeam "New Zealand"]
[WhiteTeamCountry "ITA"]
[BlackTeamCountry "NZL"]

1. e4 e5 2. Nf3 Nf6 3. d4 d5 4. exd5 exd4 5. Qxd4 Qxd5 6. Nc3 Qxd4 7. Nxd4 Bc5 8. Be3 0-0 9. Ndb5 Bxe3 10. fxe3 Na6 11. Bd3 Re8 12. 0-0-0 Bg4 13. Rde1 Re7 14. e4 Nc5 15. Nd5 Nxd5 16. exd5 Nxd3+ 17. cxd3 Rd7 18. Nc3 f6 19. Re3 Bh5 20. Rhe1 Kf8 21. Rh3 Bg6 22. Kd2 h6 23. Rh4 Bf7 24. Rc4 Rad8 25. Re3 Rc8 26. Rb4 b6 27. Ra4 a5 28. Rae4 b5 29. a3 Rcd8 30. b3 Bxd5 31. Nxd5 Rxd5 32. Ke2 R8d7 33. Re6 Rc5 34. Kd2 b4 35. axb4 axb4 36. R6e4 Rh5 37. h3 c5 38. Re2 Rhd5 39. R4e3 Kf7 40. Kc2 Ra7 41. Kc1 Rd6 42. Rb2 Ra1+ 43. Kd2 Rg1 44. Re2 Re6 45. Rf2 Re5 46. Ra2 Rg5 47. Ke3 Re1+ 48. Rae2 Re5+ 49. Kd2 R1xe2+ 50. Rxe2 Rxe2+ 0-1

[Event "IECC CL6-2015.06 email"]
[Site "IECC email"]
[Date "2015.09.19"]
[Round "?"]
[White "D'Aragona, Vittoria"]
[Black "Grapenfalk, Ulf Hakan"]
[Result "1-0"]
[WhiteElo "1370"]
[BlackElo "1300"]
[PlyCount "57"]
[EventDate "2015.??.??"]
[EventType "tourn (corr)"]
[EventRounds "4"]
[SourceTitle "Corr 2020"]
[Source "ChessBase"]
[SourceDate "2019.09.30"]
[SourceVersion "1"]
[SourceVersionDate "2019.09.30"]
[SourceQuality "1"]
[WhiteTeam "Italy"]
[BlackTeam "Sweden"]
[WhiteTeamCountry "ITA"]
[BlackTeamCountry "SWE"]

1. e4 c5 2. c3 Nf6 3. e5 Nd5 4. d4 cxd4 5. Bc4 Nb6 6. Bd3 Nc6 7. Nf3 d5 8. cxd4 Bg4 9. Be3 e6 10. 0-0 Be7 11. h3 Bh5 12. Nbd2 0-0 13. a3 a5 14. Rc1 a4 15. Rc3 f6 16. exf6 Bxf6 17. Qc2 Bxf3 18. Bxh7+ Kf7 19. Nxf3 Ne7 20. Ng5+ Bxg5 21. Bxg5 Rc8 22. Bg6+ Kg8 23. Qe2 Qd6 24. Bxe7 Qf4 25. Qxe6+ Kh8 26. Bxf8 Rxf8 27. Rf3 Qb8 28. Qg4 Rxf3 29. Qh5+ 1-0

[Event "IECC CL6-2014.06 email"]
[Site "IECC email"]
[Date "2015.01.24"]
[Round "?"]
[White "Acosta, Errol Ian"]
[Black "D'Aragona, Vittoria"]
[Result "1/2-1/2"]
[WhiteElo "1237"]
[BlackElo "1414"]
[PlyCount "44"]
[EventDate "2015.??.??"]
[EventType "tourn (corr)"]
[EventRounds "4"]
[SourceTitle "Corr 2020"]
[Source "ChessBase"]
[SourceDate "2019.09.30"]
[SourceVersion "1"]
[SourceVersionDate "2019.09.30"]
[SourceQuality "1"]
[WhiteTeam "United States"]
[BlackTeam "Italy"]
[WhiteTeamCountry "USA"]
[BlackTeamCountry "ITA"]

1. e4 d6 2. d4 Nf6 3. Nc3 g6 4. f4 d5 5. e5 Ne4 6. Nf3 Nxc3 7. bxc3 Bg7 8. Bd3 c5 9. 0-0 c4 10. Be2 0-0 11. Ba3 Nc6 12. Ng5 Qa5 13. Bb2 f6 14. Nf3 Bh6 15. Qd2 fxe5 16. Nxe5 Nxe5 17. dxe5 Qb6+ 18. Kh1 Qxb2 19. g4 e6 20. g5 Bg7 21. a4 Qb6 22. Rf3 a5 1/2-1/2

[Event "IECC CL6-2014.05 email"]
[Site "IECC email"]
[Date "2014.11.21"]
[Round "?"]
[White "D'Aragona, Vittoria"]
[Black "Campbell, Graham G"]
[Result "1/2-1/2"]
[WhiteElo "1412"]
[BlackElo "1400"]
[PlyCount "30"]
[EventDate "2014.??.??"]
[EventType "tourn (corr)"]
[EventRounds "4"]
[SourceTitle "Corr 2020"]
[Source "ChessBase"]
[SourceDate "2019.09.30"]
[SourceVersion "1"]
[SourceVersionDate "2019.09.30"]
[SourceQuality "1"]
[WhiteTeam "Italy"]
[BlackTeam "United States"]
[WhiteTeamCountry "ITA"]
[BlackTeamCountry "USA"]

1. e4 e5 2. Nf3 Nc6 3. d4 exd4 4. Bc4 Nf6 5. 0-0 Nxe4 6. Re1 d5 7. Bxd5 Qxd5 8. Nc3 Qh5 9. Nxe4 Be6 10. Bg5 Bd6 11. Nxd6+ cxd6 12. h4 0-0 13. Nxd4 Qxd1 14. Raxd1 Nxd4 15. Rxd4 d5 1/2-1/2